Normal view
MARC view
Entry Personal Name
001 - CONTROL NUMBER
- control field: 58639
003 - CONTROL NUMBER IDENTIFIER
- control field: dpl
005 - DATE AND TIME OF LATEST TRANSACTION
- control field: 20231114155010.0
008 - FIXED-LENGTH DATA ELEMENTS
- fixed length control field: 231114|| aca||aabn | a|a d
040 ## - CATALOGING SOURCE
- Original cataloging agency: dpl
- Transcribing agency: dpl
100 ## - HEADING--PERSONAL NAME
- Personal name: सिंह प्रतिभा
670 ## - SOURCE DATA FOUND
- Source citation: Work cat.: (dpl)198619: सिंह प्रतिभा , अस्सी घाट पर प्रेम समीक्षा/, 2022
